Comparing welfare states: towards a gender friendly approach /

Gardado en:
Detalles Bibliográficos
Autor Principal: Daly, Mary
Formato: Texto
Etiquetas: Engadir etiqueta
Sen Etiquetas, Sexa o primeiro en etiquetar este rexistro!

MARC

LEADER 00000 a a2200000 04500
001 44744
003
040
100 |a Daly, Mary  
245 |a Comparing welfare states:   |b towards a gender friendly approach /  |c Mary Daly  
773 |g páginas 101-117  
999 |c 20795  |d 20795